Statistics for Flag coloring book puzzle #3

Click here to take the quiz!

General Stats

  • This quiz has been taken 13,324 times
  • The average score is 4 of 7

Answers on the Map

Answers color-coded by a green-red scale on the quiz's map according to % correct below.
 

Answer Stats

Answer% Correct
Red
78%
Blue
72%
Green
69%
Yellow
67%
Orange
45%
White
44%
Black
41%

Score Distribution

Percentile by Number Answered

Percent of People with Each Score

Your Score History

You have not taken this quiz